| 000 | 00888cam a22002055a 4500 | ||
|---|---|---|---|
| 001 | L137952 | ||
| 008 | 070509e2005 xxk f 100 0 eng d | ||
| 035 | _a(Sirsi) u137952 | ||
| 041 | 0 | _aeng | |
| 100 | 1 | _aSultan, Basel | |
| 245 | 0 | 0 |
_aPolicies for economic sustainability for the construction industry in Yemen _h[electronic resource] |
| 260 | _c2005 | ||
| 490 | 0 |
_aCOBRA _v2005 |
|
| 520 | _aDiscusses how the construction industry in Yemen and in other developing countries are coming under pressure to meet future demand for sustainable and economical development. | ||
| 651 | 4 | _aYEMEN | |
| 700 | 1 | _aKajewski, Stephen | |
| 711 | 2 |
_aConstruction and Building Research Conference _cUniversity of Queensland, Brisbane _d4-5 July 2005 |
|
| 856 | 4 | 0 |
_uhttps://www.rics.org/site/scripts/download_info.aspx?downloadID=2576 _zView the item free of charge at www.rics.org... |
| 942 | _n0 | ||
| 999 |
_c106949 _d106949 |
||